Alvin Langdon Coburn (Record no. 184766)

MARC details
000 -LEADER
campo de control de longitud fija 01205nam a2200289 i 4500
001 - NÚMERO DE CONTROL
campo de control 184766
003 - IDENTIFICADOR DE NÚMERO DE CONTROL
campo de control ES-MaACL
005 - FECHA Y HORA DE LA ÚLTIMA TRANSACCIÓN
campo de control 20250730084010.0
008 - DATOS DE LONGITUD FIJA--INFORMACIÓN GENERAL
campo de control de longitud fija 151207s2014 sp aco c |||| |bspa d
020 ## - NÚMERO INTERNACIONAL ESTÁNDAR DEL LIBRO
Número Internacional Estándar del Libro 978-84-9844-497-1
080 ## - NÚMERO DE LA CLASIFICACIÓN DECIMAL UNIVERSAL
Número de la Clasificación Decimal Universal 77 Coburn, Alvin Langdon (083.824)
100 1# - ENTRADA PRINCIPAL--NOMBRE DE PERSONA
Nombre de persona Coburn, Alvin Langdon (
Fechas asociadas al nombre 1882-1966)
9 (RLIN) 158314
245 10 - MENCIÓN DEL TÍTULO
Título Alvin Langdon Coburn
Resto del título : [exposición] /
Mención de responsabilidad, etc. [comisariado, Pamela Glasson Roberts ; edición y revisión de textos, María Aguilera Aranaz].
260 ## - PUBLICACIÓN, DISTRIBUCIÓN, ETC.
Lugar de publicación, distribución, etc. Madrid :
Nombre del editor, distribuidor, etc. Fundación Mapfre,
Fecha de publicación, distribución, etc. [2014]
300 ## - DESCRIPCIÓN FÍSICA
Extensión 293 p. :
Otras características físicas il. col. y n., fot. ;
Dimensiones 26 x 23 cm.
500 ## - NOTA GENERAL
Nota general Cronología.
504 ## - NOTA DE BIBLIOGRAFÍA, ETC.
Nota de bibliografía, etc. Bibliografía: p. 291-293.
585 ## - NOTA DE EXPOSICIONES
Nota de exposiciones Exposición: Fundación Mapfre, Madrid, diciembre 2014-febrero 2015; George Eastman House, Rochester, Nueva York, octubre 2015-enero 2016.
600 17 - PUNTO DE ACCESO ADICIONAL DE MATERIA--NOMBRE DE PERSONA
Nombre de persona Coburn, Alvin Langdon (
Fechas asociadas al nombre 1882-1966)-
Subdivisión de forma Exposiciones.
9 (RLIN) 158313
655 #7 - TERMINO DE INDIZACIÓN--GENERO/FORMA
Fuente del término tgfbne
9 (RLIN) 193628
Datos o término principal de género/forma Catálogos de exposiciones
700 1# - ENTRADA AGREGADA--NOMBRE PERSONAL
Nombre de persona Roberts, Pamela Glasson.
9 (RLIN) 158315
700 1# - ENTRADA AGREGADA--NOMBRE PERSONAL
Nombre de persona Aguilera Aranaz, María.
9 (RLIN) 158316
710 2# - ENTRADA AGREGADA--NOMBRE DE ENTIDAD CORPORATIVA
Nombre de entidad corporativa o nombre de jurisdicción como elemento de entrada Fundación MAPFRE
9 (RLIN) 4362
852 ## - LOCALIZACIÓN
Ubicación ES-MaACL
Número de control de estantería N-6465
Nota libre - enc. tela
942 ## - ELEMENTOS DE ENTRADA SECUNDARIOS (KOHA)
Fuente del sistema de clasificación o colocación Clasificación decimal universal
Holdings
Estatus retirado Estado de pérdida Estado de daño No para préstamo Biblioteca de origen Biblioteca actual Ubicación en estantería Fecha de adquisición Fuente de adquisición Total de préstamos Signatura topográfica completa Código de barras Visto por última vez Precio de reemplazo Tipo de ítem Koha
        Biblioteca del Ateneo de Madrid Biblioteca del Ateneo de Madrid Sala Pecera Depósito 2 07/12/2015     N-6465 1194552 23/02/2023 23/02/2023 Libro impreso